| 000 | 00563nam a2200169 4500 | ||
|---|---|---|---|
| 008 | 160912b xxu||||| |||| 00| 0 eng d | ||
| 020 | _a061852861X | ||
| 082 |
_22005 _aDC 174.4 _bP36b |
||
| 100 |
_914446 _aPelton, Lou E. |
||
| 245 |
_aBusiness ethics: _bperspectives on corporate responsibility/ _cLou E. Pelton and Sheb L. True. |
||
| 260 |
_aBoston: _bHouhton Mifflin, _cc2005. |
||
| 300 |
_axiii, 101 pages; _c28 cm. |
||
| 500 | _aIncludes bibliographical references. | ||
| 650 | 0 |
_914447 _aBusiness ethics |
|
| 700 |
_914448 _aTrue, Sheb L. |
||
| 942 |
_2ddc _cDC |
||
| 999 |
_c4487 _d4487 |
||